000 00813nam a22002057a 4500
999 _c63979
_d63979
003 Ge_BSU
005 20260302160632.0
008 260302s1988 enk||||| |||| 00| 0 eng d
020 _a9780520062931x
041 _aeng
080 _a338 : 316.334.23](520) S-68
100 _aSmith, Thomas C.
_927030
245 _aNative sources of Japanese industrialization, 1750-1920 /
_cThomas C. Smith.
264 _aBerkeley :
_bUniversity of California,
_c1988.
300 _a278 p. ;
_b23 cm.
653 _aიაპონიის ეკონომიკის ისტორია
653 _aიაპონიის ინდუსტრიის ისტორია.
653 _aიაპონიის ინდუსტრიული სოციოლოგია
942 _2udc
_cᲬᲘᲒᲜᲘ